000
00287nam a22001337a 4500
008
181217b xxu||||| |||| 00| 0 eng d
020
_a
0582280516
041
_a
eng
080
_a
610
100
_a
4
101
_a
SHM
245
_a
Medicine in Literature
_c
Ceccio, J
942
_2
udc
_c
BK
999
_c
53318
_d
53318